00390nam a2200133Ia 4500008004100000041000800041082001700049100006800066245004600134250000600180260005300186300000800239650000900247210716s1987 xx 000 0 und d aeng a005.133 FUOW aFuori, William M;Gioia, Louis;Gaughran, Stephen;Fuori, Michael. aFortran 77 elements of programming style. a1 aNew DelhibCBS Publishers and Distributorsc1987 a358 aNone